000 00373nam a22001217a 4500
999 _c14036
_d14036
020 _a9781119804116
082 _a005.8
100 _aChris Peiris, Binil Pillai, and Abbas Kudrati
245 _aThreat Hunting in the Cloud: Defending AWS, Azure and Other Cloud Platforms Against Cyberattacks
260 _bJohn Wiley & Sons, Inc.
_c2021
300 _a544 pages
942 _cBK